Large scale Rhodian sculpture of Hellenistic and Roman times /
This volume presents the large-scale Rhodian sculpture of the Hellenistic and Roman period through the publication of 60 unpublished sculptures of life size or larger than life size, together with 45 sculptures already published.
المؤلف الرئيسي:
التنسيق: كتاب الكتروني
اللغة: Greek
منشور في:
Oxford :
Archaeopress Publishing Ltd,
[2017]
سلاسل:
Access archaeology.
الموضوعات:
الوصول للمادة أونلاين: Login to view Source
الوسوم: إضافة وسم
رقم الطلب: NB91
| LEADER | 02015nam a2200457 i 4500 | ||
|---|---|---|---|
| 001 | EDZ0001703088 | ||
| 003 | StDuBDS | ||
| 005 | 20230412181935.0 | ||
| 006 | m|||||o||d|||||||| | ||
| 007 | cr ||||||||||| | ||
| 008 | 170404t20172017enkab fob 000|0|gre|d | ||
| 020 | |a 9781784915773 (ebook) : |c No price | ||
| 040 | |a StDuBDS |b eng |c StDuBDS |e rda |e pn | ||
| 050 | 4 | |a NB91 | |
| 082 | 0 | 4 | |a 733.303916 |2 23 |
| 100 | 1 | |a Bairamē, Kalliopē, |e author. | |
| 245 | 1 | 0 | |a Large scale Rhodian sculpture of Hellenistic and Roman times / |c Kalliope Bairami. |
| 264 | 1 | |a Oxford : |b Archaeopress Publishing Ltd, |c [2017] | |
| 264 | 4 | |c ©2017 | |
| 300 | |a 1 online resource : |b illustrations (black and white, and colour), maps (black and white, and colour). | ||
| 336 | |a text |2 rdacontent | ||
| 336 | |a still image |2 rdacontent | ||
| 336 | |a cartographic image |2 rdacontent | ||
| 337 | |a computer |2 rdamedia | ||
| 338 | |a online resource |2 rdacarrier | ||
| 490 | 1 | |a Access archaeology | |
| 500 | |a Previously issued in print: 2017. | ||
| 504 | |a Includes bibliographical references. | ||
| 520 | 8 | |a This volume presents the large-scale Rhodian sculpture of the Hellenistic and Roman period through the publication of 60 unpublished sculptures of life size or larger than life size, together with 45 sculptures already published. | |
| 521 | |a Specialized. | ||
| 588 | |a Description based on online resource; title from home page (viewed on June 27 2017). | ||
| 650 | 0 | |a Sculpture, Hellenistic |z Greece |z Rhodes (Island) | |
| 650 | 0 | |a Sculpture, Roman |z Greece |z Rhodes (Island) | |
| 651 | 0 | |a Rhodes (Greece : Island) |x Antiquities. | |
| 650 | 0 | |a Excavations (Archaeology) |z Greece |z Rhodes (Island) | |
| 776 | 0 | 8 | |i Print version : |z 9781784915766 |
| 830 | 0 | |a Access archaeology. | |
| 856 | 4 | 0 | |3 Archaeopress |u http://library.arce.org:8087/Archaeopress/Products/9781784915766 |
| 942 | |2 lcc |c EBOOK | ||
| 952 | |0 0 |1 0 |4 0 |6 NB0091 |7 1 |9 46261 |a ARCH |b ARCH |d 2023-04-12 |l 0 |o NB91 |r 2023-04-12 00:00:00 |w 2023-04-12 |y EBOOK | ||
| 999 | |c 51919 |d 51919 | ||
